| Tag |
First Indicator |
Second Indicator |
Subfields |
| LEADER |
00000cam a2200000Ia 4500 |
| 001 |
in00002425951 |
| 005 |
20190327171445.0 |
| 006 |
m d |
| 007 |
cr cn||||||||| |
| 008 |
070802s2007 xx s 000 0 eng d |
| 020 |
|
|
|a 9780123704825
|
| 020 |
|
|
|a 0123704820
|
| 035 |
|
|
|a (OCoLC)ocn162131346
|
| 035 |
|
|
|a (OCoLC)162131346
|
| 037 |
|
|
|a 130623:130727
|b Elsevier Science & Technology
|n http://www.sciencedirect.com
|
| 040 |
|
|
|a OPELS
|c OPELS
|d OPELS
|d UtOrBLW
|
| 049 |
|
|
|a TEFA
|
| 050 |
1 |
4 |
|a HV8077.5.B56
|b B56 2007
|
| 082 |
0 |
4 |
|a 363.25/62
|2 22
|
| 245 |
0 |
0 |
|a Bloodstain Pattern Evidence :
|b Objective Approaches and Case Applications.
|
| 264 |
|
1 |
|a [Place of publication not identified] :
|b Academic Pr,
|c 2007.
|
| 336 |
|
|
|a text
|b txt
|2 rdacontent
|
| 337 |
|
|
|a computer
|b c
|2 rdamedia
|
| 338 |
|
|
|a online resource
|b cr
|2 rdacarrier
|
| 533 |
|
|
|a Electronic reproduction.
|b Amsterdam :
|c Elsevier Science & Technology,
|d 2007.
|n Mode of access: World Wide Web.
|n System requirements: Web browser.
|n Title from title screen (viewed on July 25, 2007).
|n Access may be restricted to users at subscribing institutions.
|
| 520 |
|
|
|a In Bloodstain Pattern Evidence, the concepts introduced in the author's first book, Blood Dynamics, are updated and applied to provide essential answers in the resolution of actual crimes. The book is accessible to all levels of investigators, regardless of academic background, and allows readers to develop a fundamental understanding of the underlying scientific principles behind bloodstain pattern evidence. Bloodstain Pattern Evidence builds on the fundamental ideas brought about by an understanding of Non-Newtonian dynamics, and illustrates through case work the practical forensic science applications of these principles to the analysis of bloodstain patterns. * Extensive case examples provide practical application of essential pattern analysis principles * Extensively illustrated with over 350 photos and line drawings * Takes a unique and scientific approach to bloodstain pattern analysis by exploring the fundamentals of fluid behavior.
|
| 505 |
0 |
|
|a Section I: Introduction -- Chapter 1, Introduction, Review of Blood Dynamics -- Chapter 2, Recognition to the American Founding Father of Bloodstain Pattern Evidence: The Kirk Years by John I. Thornton -- Chapter 3, Understanding Blood Behavior -- Chapter 4, Trigonometry in Bloodstain Pattern Evidence, Math Use in Question -- Section II: Case Applications -- Chapter 5: Timing is Everything -- Chapter 6: The Alexander Lindsay Second Inquiry -- Chapter 7: Who Was the Shooter -- Chapter 8: Traffic Salutations in America -- Chapter 9: The Body on the Porch -- Chapter 10: Lil Ole Guy Who Woke Up Dead -- Chapter 11: Self Defense Staging Homicide by Gunshot -- Chapter 12: Crime Scene Artwork, Staged Assault -- Chapter 13: Curiosity Caught the Murderer -- Chapter 14: Informant Execution -- Chapter 15: Lack of the Crime Lab Involvement -- Chapter 16: On Duty Officer Involved Shooting -- Chapter 17: Three Down and Still Missed Intended Victim -- Chapter 18: Perfect Stories -- Chapter 19: Family Elimination -- Chapter 20: A Tragedy of Errors Homicide -- Chapter 21: The Accomplice Wouldnt Plea -- Chapter 22: Magic Bullet in Alleged Drive-By Shooting -- Chapter 23: Perry Mason is a Myth -- Chapter 24: Hidden Face, Blunt Force Assault -- Chapter 25: Body in the Bathtub -- Section III: Bloodstain Pattern Evidence Interactions with Other Forensic Disciplines. -- Chapter 26, Bloodstain Pattern Evidence and Law Enforcement. -- Chapter 27, The Forensic Crime Lab and Bloodstain Pattern Evidence by G. Michele Yezzo -- Chapter 28, DNA and Bloodstain Pattern Evidence by Dr. Christie Davies -- Chapter 29, Pathology and Bloodstain Pattern Evidence. -- Chapter 30, Bloodstain Pattern Evidence and the Law -- Section IV: Experience with Training in Bloodstain Pattern Evidence -- Chapter 31, Preparations for Bloodstain Pattern Workshops -- Chapter 32, Spatter Group Exercises -- Chapter 33, Exercises with Groups other than Spatters (Non-spatter groups) -- Chapter 34, Special Projects, Practical Exams, and Mock Crime Scenes -- Section V: The Future of Bloodstain Pattern Evidence -- Chapter 35: Research in Bloodstain Pattern Evidence -- Chapter 36: Conclusions.
|
| 500 |
|
|
|a Electronic resource.
|
| 650 |
|
0 |
|a Bloodstains.
|
| 650 |
|
0 |
|a Hemodynamics.
|
| 650 |
|
0 |
|a Pattern formation (Physical sciences)
|
| 655 |
|
7 |
|a Electronic books.
|2 local
|
| 776 |
1 |
|
|c Original
|z 9780123704825
|z 0123704820
|w (OCoLC)154670986
|
| 710 |
2 |
|
|a ScienceDirect (Online service)
|
| 856 |
4 |
0 |
|u http://proxy.library.tamu.edu/login?url=http://www.sciencedirect.com/science/book/9780123704825
|z Connect to the full text of this electronic book
|t 0
|
| 994 |
|
|
|a C0
|b TEF
|
| 999 |
|
|
|a MARS
|
| 999 |
f |
f |
|s d2bc9acb-36ea-3f7a-b553-5b4a3868520c
|i 17d160d9-cf2f-364a-a161-4efbf251b36e
|t 0
|
| 952 |
f |
f |
|a Texas A&M University
|b College Station
|c Electronic Resources
|d Available Online
|t 0
|e HV8077.5.B56 B56 2007
|h Library of Congress classification
|
| 998 |
f |
f |
|a HV8077.5.B56 B56 2007
|t 0
|l Available Online
|